000 00372cam a2200145 4500
008 040913n2006 000 0 eng u
020 _a1405100214
035 _a(Sirsi) u127354
100 _aSexton, M.
245 _aSustainable development in the built environment
260 _aBlackwells
_c2006
350 _a55
520 _aDue for publication 2006
942 _n0
999 _c103753
_d103753